000 01012nam a22002297a 4500
999 _c6140
_d6140
003 AR-CdUCM
008 190313b ||||| |||| 00| 0 spa d
040 _aMUNICIPALIDAD PROVINCIAL DEL CUSCO
_cBIBLIOTECA MUNICIPAL DEL CUSCO
082 _a920.59856 /
_bV39
245 _aCorona fúnebre:
_bofendada a la memoria del que fue parlamentario i periodista Don Mariano E. Velazco, fallecido en la ciudad del Cuzco el 1° de setiembre de 1928 /
260 _aCusco :
_bLa colmena,
_c1940.
300 _a182 páginas ;
_bfotografías ;
_c21.5 cm.
500 _aDonación de la familia Nieto. Homenaje a su viuda e hija.
505 _aContenido: Homenaje a Mariano E. Velazco -- Artículos periodísticos de Mariano E. Velazco en "El sol" del cuzco ...
650 _aBiografía - Cusco
_917797
650 _aMariano E. Velazco - Homenaje
_917798
700 _aCosio, José Gabriel
_911720
700 _aAguilar, Rafael
_917799
700 _aParedes, Felipe Luis
_917800
942 _2ddc
_cLIBROS
945 _alccs